000 00372nam a2200145Ia 4500
008 230524s9999 xx 000 0 und d
082 _a5.133
_bNIG
100 _aShailendra Nigam
245 0 _aTotal Quality Management: An Integrated Approach
260 _aNEW DELHI
_bExcel
300 _aXI;405
500 _aQuantity Number: 12
650 _aManagement
942 _cBK
999 _c49349
_d49349